Allied Civil Engineering Handbook-II (Record no. 6919)

MARC details
000 -LEADER
fixed length control field 00379nam a2200145Ia 4500
008 - FIXED-LENGTH DATA ELEMENTS--GENERAL INFORMATION
fixed length control field 230312s9999||||xx |||||||||||||| ||und||
082 ## - DEWEY DECIMAL CLASSIFICATION NUMBER
Classification number 624.071
Item number ASI-A
100 ## - MAIN ENTRY--PERSONAL NAME
Personal name Engineer M.Asif Sheikh
245 #0 - TITLE STATEMENT
Title Allied Civil Engineering Handbook-II
260 ## - PUBLICATION, DISTRIBUTION, ETC.
Name of publisher, distributor, etc. Allied Book Center
Place of publication, distribution, etc. pakistan
Date of publication, distribution, etc. 2012
300 ## - PHYSICAL DESCRIPTION
Extent 266
546 ## - LANGUAGE NOTE
Language note Urdu
650 ## - SUBJECT ADDED ENTRY--TOPICAL TERM
Topical term or geographic name entry element Engineering
Form subdivision Hand Book
942 ## - ADDED ENTRY ELEMENTS (KOHA)
Koha item type BOOK
Holdings
Withdrawn status Lost status Source of classification or shelving scheme Damaged status Not for loan Home library Current library Date acquired Total Checkouts Full call number Barcode Date last seen Price effective from Koha item type
    Dewey Decimal Classification     Superior Information Resource Center (SIRC) Superior University- Main Campus Superior Information Resource Center (SIRC) Superior University- Main Campus 03/13/2023   624.071 ASI-A 7024 03/13/2023 03/13/2023 BOOK

Powered by Koha